| 000 | 01192nmc a2200385 a 4500 | ||
|---|---|---|---|
| 003 | AR-BaBNM | ||
| 005 | 20251128205810.0 | ||
| 008 | 178019s1986 ||||||||||||||000 | spa|| | ||
| 020 | _a968-23-0936-0 | ||
| 040 | _cAR-BaBNM | ||
| 100 | 1 | _aBowles, Samuel | |
| 245 | 1 | 0 |
_aLa instrucción escolar en la América capitalista _bla reforma educativa y las contradicciones de la vida económica |
| 250 | _a3ª ed. | ||
| 260 |
_aMéxico, D.F. _bSiglo Veintiuno _c1986 |
||
| 300 | 0 |
_a379 p. _btablas |
|
| 490 | 0 | _aEducación | |
| 500 | 0 | _aApéndice A: p. 362-371 | |
| 500 | 0 | _aApéndice B: p. 372-377 | |
| 504 | _aBibliografía en notas a pie de página | ||
| 610 | 2 | 4 | _aUnión for Radical Political Economics [Estados Unidos] |
| 650 | 4 | _aSOCIOLOGIA DE LA EDUCACION | |
| 650 | 4 | _aPAPEL DE LA ESCUELA | |
| 650 | 4 | _aCAPITALISMO | |
| 650 | 4 | _aREFORMA DE LA EDUCACION | |
| 650 | 4 | _aSOCIALISMO | |
| 650 | 4 | _aREVOLUCION | |
| 650 | 4 | _aEDUCACION ALTERNATIVA | |
| 651 | 4 | _aEstados Unidos | |
| 653 | 0 | _aCAMBIO EDUCATIVO | |
| 653 | 0 | _aTEORIAS REPRODUCTIVISTAS | |
| 700 | 1 | _aGintis, Herbert | |
| 700 | 1 |
_aMascaró Sacristán, Pilar _etraductor |
|
| 942 | _cBK | ||
| 998 | _carturo | ||
| 999 |
_c12854 _d12854 |
||